header

Some problems of unlikely intersections in arithmetic and geometry (Record no. 148288)

MARC details
000 -LEADER
fixed length control field 01465nam a2200373Ia 4500
082 04 - DEWEY DECIMAL CLASSIFICATION NUMBER
Classification number 516.3/5
100 1# - MAIN ENTRY--AUTHOR NAME
Personal name Zannier, U.
245 10 - TITLE STATEMENT
Title Some problems of unlikely intersections in arithmetic and geometry
260 ## - PUBLICATION, DISTRIBUTION, ETC. (IMPRINT)
Place of publication Princeton :
Name of publisher Princeton University Press,
Year of publication 2012.
300 ## - PHYSICAL DESCRIPTION
Number of Pages xi, 160 p.
490 1# - SERIES STATEMENT
Series statement Annals of mathematics studies ;
650 #0 - SUBJECT ADDED ENTRY--TOPICAL TERM
Topical Term Intersection theory.
Topical Term Algebraic varieties.
Topical Term Geometry, Algebraic.
700 1# - ADDED ENTRY--PERSONAL NAME
Personal name Masser, David William,
856 40 - ELECTRONIC LOCATION AND ACCESS
Uniform Resource Identifier http://site.ebrary.com/lib/rucke/Doc?id=10533599

No items available.

© 2026 Rongo University
Contact us: librarian | system librarian | Rongo university